000 01013nmm a2200289 a 4500
001 ocm000582374
003 TR-IsHL
005 20201028121424.0
008 130705s2010 tu tur
007 cr cn
020 _a9786055672621
035 _a582374
_b(N$T)
050 0 4 _aD568.3
_b.Y38 2010
090 0 4 _aD568.3
_b.Y38 2010
100 1 _aYavuz, Resul
245 1 0 _aÇanakkale destanını yazan kahramanlar: ateşe koşanlar
_h[electronic resource] /
_cResul Yavuz ; ed. İbrahim Özbay
250 _a2. bs.
260 _aİstanbul :
_bAres Kitap,
_c2010
300 _a224 p.
650 4 _aTarih
650 4 _aHistory
650 0 _aDünya Savaşı, 1914-1918
_xSeferberlik
_xTürkiye
_xGelibolu Yarımadası
650 0 _aWorld War, 1914-1918
_xCampaigns
_xTurkey
_xGallipoli Peninsula
650 7 _aHISTORY / Middle East / Turkey & Ottoman Empire
_2bisacsh
700 1 _aÖzbay, İbrahim
856 4 0 _uhttp://search.ebscohost.com/login.aspx?direct=true&scope=site&db=e011xww&AN=582374
999 _c1317
_d1317